Statistics for Satelitní snímky - ostrovní řetězy

Click here to take the quiz!

General Stats

  • This quiz has been taken 15 times
  • The average score is 7 of 16

Answer Stats

Answer % Correct
Japonsko
100%
Havaj
64%
Filipíny
57%
{Kanárské} ostrovy
57%
Malta
50%
Velké {Antily}
50%
{Baleárské} ostrovy
50%
{Faerské} ostrovy
43%
Ohňová země
36%
{Aleutské} ostrovy
29%
Vnější {Hebridy}
29%
Fidži
29%
Falklandy
21%
Galapágy
14%
Shetlandy
14%
Florida Keys
7%

Score Distribution

Percentile by Number Answered

Percent of People with Each Score

Your Score History

You have not taken this quiz